000 01086nam2a22002411 4500
001 rc\58357
005 20250620200216.0
010 _a5-7325-0278-5
_950000
035 _a(NLR Aleph) 005399783
090 _a7263549
_c7263549
100 _a20021216d1993 |||y0rusy50 ca
101 0 _arus
102 _aRU
105 _aa |||||||||
200 1 _aИсчезнувший принц
_e[Роман
_fПер. Б. Пегелау]
210 _d1993
_aБ. м.
215 _a362, [2] с.
_cил.
_d22
461 0 _1001rc\58354
_12001#$aСобрание сочинений$eВ 4 т.$e[Для детей$eПер. с англ.]$fФрэнсис Элиза Бернетт$vТ. 3
_1700#1$aБернет$bФ.Х.$gФренсис Ходжсон$f1849-1924
_97263522
_aБернет, Ф.Х. (1849-1924)
_cСПб.
_d1993-
_fФрэнсис Элиза Бернетт
_nПолитехника
_oВ 4 т. : [Для детей : Пер. с англ.]
_tСобрание сочинений
_y5732502750
_vТ. 3
801 0 _aRU
_bNLR
_gpsbo
801 1 _aRU
_bELAR
_2rusmarc
852 _aNLR
_j93-3/807
942 _cBOOK
980 _aNB